Islam and the western philosophy of knowledge : reflections on some aspects

Bibliographic Details
Main Author: Ali, Muhammad Mumtaz
Format: Book
Published: P.Jaya : Pelanduk Publications , 1994
Subjects:

MARC

LEADER 00000cam a2200000 7i4500
001 0000006231
002 000006727
005 20000330.0
020 |a 9679785041 
090 0 0 |a 121   |b ALI 
100 1 |a Ali, Muhammad Mumtaz 
245 1 0 |a Islam and the western philosophy of knowledge :   |b reflections on some aspects   |c Muhammad Mumtaz Ali 
260 |a P.Jaya :   |b Pelanduk Publications ,   |c 1994 
300 |a 103p. ;   |c 22cm. 
650 0 0 |a Philosophy 
650 0 0 |a Science   |x Philosophy 
999 |a 038966   |b BUKU   |c PINJAMAN   |e PERPUSTAKAAN KOMUNITI PETALING JAYA 
999 |a 038967   |b BUKU   |c PINJAMAN   |e PERPUSTAKAAN KOMUNITI PETALING JAYA